| 000 | 00457nam a2200169Ia 4500 | ||
|---|---|---|---|
| 008 | 140529s9999 xx 000 0 und d | ||
| 050 |
_aPS 3557.R5355 _b.G869 2000 |
||
| 100 | _aGrisham, John. | ||
| 245 |
_aThe brethren / _cJohn Grisham |
||
| 260 |
_aLondon : _bQuality Paperbacks Direct, _cc2000. |
||
| 300 |
_a366 p. ; _c20 cm. |
||
| 521 | _aGE | ||
| 650 | _aLegal stories. | ||
| 650 |
_aPrisoners _xFiction. |
||
| 942 |
_kFOR _cBK |
||
| 999 |
_c117774 _d117774 |
||